[Event "Arie Nijman Memorial 2023"]
[Site "Christchurch NZL"]
[Date "2023.05.21"]
[Round "5.13"]
[White "Wang, Justin Zhide"]
[Black "Broad, Cory"]
[Result "1-0"]
[WhiteElo "1900"]
[BlackElo "1490"]

1. e4 c5 2. Nc3 Nc6 3. f4 e6 4. Nf3 a6 5. g3 d5 6. Bg2 Nf6 7. e5 Nd7 8. O-O f6
9. exf6 Nxf6 10. Ne5 Qc7 11. Nxc6 Qxc6 12. Re1 Be7 13. f5 O-O 14. fxe6 Re8 15.
d3 Bxe6 16. Bg5 Qd7 17. Rxe6 Qxe6 18. Bxf6 Qxf6 19. Nxd5 Qd6 20. Qg4 Rf8 21.
Re1 Rae8 22. Re6 Qd7 23. Be4 Bd8 24. Nf4 Rf6 25. Bxh7+ Kxh7 26. Qh5+ Rh6 27.
Qxe8 Qd4+ 28. Kg2 Rxe6 29. Qxe6 Bf6 30. c3 Qa4 31. Qe4+ Qxe4+ 32. dxe4 Kg8 33.
Nd3 Be7 34. Kf3 Kf7 35. c4 Ke6 36. h4 Kf6 37. Kf4 g6 38. e5+ Ke6 39. Ke4 b6 40.
Nf4+ Kf7 41. Kd5 g5 42. hxg5 Bxg5 43. Kc6 Bd8 44. Kd7 Bg5 45. e6+ Kf8 46. e7+
Bxe7 47. Ng6+ 1-0

[Event "Arie Nijman Memorial 2023"]
[Site "Christchurch NZL"]
[Date "2023.05.21"]
[Round "5.17"]
[White "Mansell, Alexander"]
[Black "Sharma, Vihaan"]
[Result "0-1"]
[WhiteElo "719"]
[BlackElo "993"]

1. Nf3 d5 2. g3 c6 3. Bg2 e5 4. d3 Nf6 5. O-O Bd6 6. e4 dxe4 7. dxe4 Nxe4 8.
Re1 Nf6 9. a3 O-O 10. Nc3 a6 11. b4 Re8 12. Qd2 h6 13. h3 Bd7 14. g4 Qc8 15. b5
axb5 16. Nxb5 Bc5 17. g5 hxg5 18. Nxg5 Nh7 19. Ne4 Bb6 20. Re2 Bxh3 21. Bxh3
Qxh3 22. Bb2 Re6 0-1

[Event "Arie Nijman Memorial 2023"]
[Site "Christchurch NZL"]
[Date "2023.05.21"]
[Round "6.1"]
[White "Liu, William Rui"]
[Black "Zhang, Kendrick Botong"]
[Result "0-1"]
[WhiteElo "2105"]
[BlackElo "2068"]

1. e4 c5 2. Nf3 e6 3. d4 cxd4 4. Nxd4 Nc6 5. Nc3 Qc7 6. Be2 a6 7. O-O Nf6 8.
Be3 Bb4 9. f3 O-O 10. Qd2 d5 11. Nxc6 bxc6 12. a3 Bxc3 13. Qxc3 dxe4 14. fxe4
Nxe4 15. Qc4 Nf6 16. Bd3 Nd5 17. Bc5 Re8 18. Qh4 f5 19. g4 g6 20. gxf5 exf5 21.
c4 Nb6 22. Rae1 Be6 23. Bd4 c5 24. Qf6 cxd4 25. Rxe6 Nd7 26. Rxe8+ Rxe8 27.
Qxd4 Ne5 28. Qc3 Ng4 29. Qd2 Rd8 30. Rf3 Ne5 31. Re3 f4 32. Rh3 f3 33. Qf4 Rxd3
34. Qe4 Qc5+ 0-1

[Event "Arie Nijman Memorial 2023"]
[Site "Christchurch NZL"]
[Date "2023.05.21"]
[Round "6.2"]
[White "Carpinter, Anthony L"]
[Black "McNabb, Matthew D"]
[Result "1/2-1/2"]
[WhiteElo "2215"]
[BlackElo "2240"]

1. Nf3 d5 2. e3 c5 3. b3 Nf6 4. Bb2 e6 5. c4 Nc6 6. cxd5 exd5 7. Bb5 Bg4 8. h3
Bh5 9. O-O a6 10. Be2 Be7 11. d4 O-O 12. Nbd2 Rc8 13. Rc1 Nd7 14. dxc5 Nxc5 15.
Nd4 Bxe2 16. Qxe2 Nxd4 17. Bxd4 Ne6 18. Nf3 Qa5 1/2-1/2

[Event "Arie Nijman Memorial 2023"]
[Site "Christchurch NZL"]
[Date "2023.05.21"]
[Round "6.3"]
[White "Elliot, Darryn B"]
[Black "Cilia Vincenti, David"]
[Result "1/2-1/2"]
[WhiteElo "2044"]
[BlackElo "2156"]

1. e4 c5 2. d3 e6 3. g3 d5 4. Nd2 Nc6 5. Bg2 Be7 6. f4 Nf6 7. e5 Nd7 8. h4 h5
9. Ndf3 b5 10. Ng5 c4 11. Bf3 g6 12. d4 b4 13. c3 a5 14. g4 hxg4 15. Bxg4 Nf8
16. N1f3 f6 17. exf6 Bxf6 18. Kf2 Qd6 19. Ne5 Bxg5 20. hxg5 Rxh1 21. Qxh1 Nxe5
22. fxe5 Qe7 23. Qh8 Ra7 24. Bd2 Qf7+ 25. Kg3 Rb7 26. Rh1 b3 27. a3 Qg7 28.
Qxg7 Rxg7 29. Rh8 Rf7 30. Kg2 Bd7 31. Be3 1/2-1/2

[Event "Arie Nijman Memorial 2023"]
[Site "Christchurch NZL"]
[Date "2023.05.21"]
[Round "6.4"]
[White "Lukey, Stephen G"]
[Black "Black, Ross"]
[Result "1-0"]
[WhiteElo "2324"]
[BlackElo "1730"]

1. d4 Nf6 2. Bg5 d5 3. e3 Bf5 4. Bxf6 exf6 5. Bd3 Bxd3 6. Qxd3 c6 7. Ne2 Bd6 8.
c4 dxc4 9. Qxc4 Nd7 10. Nbc3 Nb6 11. Qb3 O-O 12. O-O Qd7 13. Rfd1 Rad8 14. a4
Qc7 15. a5 Nd5 16. Nxd5 cxd5 17. Rdc1 Qd7 18. Nc3 Rfe8 19. g3 Bb8 20. Qb5 Qxb5
21. Nxb5 Kf8 22. Rc5 a6 23. Nc3 Bd6 24. Rxd5 Bb4 25. Rxd8 Rxd8 26. Ra4 Bxc3 27.
bxc3 Rc8 28. c4 Ke7 29. Rb4 Rc7 30. Kf1 f5 31. Ke2 g5 32. Kd3 h5 33. h4 f6 34.
Rb6 g4 35. c5 Kf7 36. Kc4 Rd7 37. d5 Ke7 38. Re6+ Kf7 39. e4 fxe4 40. Rxe4 Rc7
41. d6 Rd7 42. Kd5 1-0

[Event "Arie Nijman Memorial 2023"]
[Site "Christchurch NZL"]
[Date "2023.05.21"]
[Round "6.5"]
[White "Turp, Michael"]
[Black "Steadman, Michael V R"]
[Result "0-1"]
[WhiteElo "1700"]
[BlackElo "2308"]

1. d4 Nf6 2. Bf4 d6 3. Nf3 g6 4. e3 Bg7 5. h3 O-O 6. Be2 Nfd7 7. Bh2 e5 8. dxe5
dxe5 9. c3 Qe7 10. O-O Nc6 11. Qc2 f5 12. Nbd2 a6 13. a4 Kh8 14. Rfe1 g5 15.
Nf1 h6 16. Bc4 e4 17. Nd4 Nce5 18. Bxe5 Nxe5 19. Be2 c5 20. Nb3 Be6 21. c4 Nd3
22. Bxd3 exd3 23. Qxd3 Bxb2 24. Rab1 Be5 25. Qe2 Rac8 26. f4 Bc3 27. Rec1 Bf6
28. Re1 Bd7 29. Na5 Bc3 30. Nxb7 Bxe1 31. Qxe1 Rb8 32. Rb6 Kh7 33. fxg5 hxg5
34. Qd1 Be8 35. Qd5 Rf7 0-1

[Event "Arie Nijman Memorial 2023"]
[Site "Christchurch NZL"]
[Date "2023.05.21"]
[Round "6.6"]
[White "Cummings, Nick"]
[Black "Gold, Hamish R"]
[Result "1-0"]
[WhiteElo "2128"]
[BlackElo "1744"]

1. c4 c5 2. g3 Nc6 3. Bg2 g6 4. Nc3 Bg7 5. Nf3 Nf6 6. O-O O-O 7. d4 cxd4 8.
Nxd4 Qb6 9. Nc2 a5 10. b3 d6 11. Bb2 Bd7 12. Ne3 Qa7 13. Rc1 Rad8 14. Rc2 Nb4
15. Rd2 Bh6 16. Ncd5 Nbxd5 17. Nxd5 Nxd5 18. Rxd5 Bg7 19. Bxg7 Kxg7 20. c5 Bc6
21. cxd6 e6 22. Rd3 Bb5 23. Rd2 Qa6 24. a4 Bc6 25. Qa1+ f6 26. e4 e5 27. Rfd1
Qb6 28. Qc3 Rd7 29. Kh1 Re8 30. Qc4 h5 31. h4 g5 32. g4 hxg4 33. hxg5 Kg6 34.
gxf6 Kxf6 35. Qc3 Qd8 36. Qg3 Rg7 37. Kg1 Rh8 38. Kf1 Qd7 39. Qc3 Rh5 40. Qxa5
Rgh7 41. Qb6 Rh2 42. Qe3 b5 43. a5 b4 44. f4 R2h3 45. fxe5+ Kg6 46. Qc5 Rxb3
47. Rf2 Rf3 48. Bxf3 gxf3 49. Rxf3 Bb5+ 50. Ke1 Rh1+ 51. Kd2 Rh2+ 52. Rf2 Qh3
53. Rg1+ Kh5 54. e6+ 1-0

[Event "Arie Nijman Memorial 2023"]
[Site "Christchurch NZL"]
[Date "2023.05.21"]
[Round "6.7"]
[White "Yu, Zachary"]
[Black "Xu, Luna Yuexiu"]
[Result "1-0"]
[WhiteElo "1988"]
[BlackElo "1697"]

1. d4 Nf6 2. c4 g6 3. Nc3 Bg7 4. e4 d6 5. Be2 O-O 6. Be3 a5 7. Nf3 Na6 8. Nd2
c5 9. d5 Nc7 10. h4 h5 11. f3 Qd7 12. Qc2 Na6 13. a3 b6 14. Na4 Rb8 15. Rb1 Qc7
16. Nb3 Bd7 17. Nc3 Qb7 18. Nc1 Nc7 19. a4 Rfe8 20. Bf4 Na6 21. Qd2 Kh7 22. b3
Rbd8 23. Nd3 Nb4 24. Nf2 Qc8 25. Kf1 Qc7 26. g3 Bf8 27. Bg5 Qc8 28. Kg2 Bg7 29.
Rbg1 Rg8 30. Kf1 Rde8 31. Ncd1 Rh8 32. Rh2 Rhg8 33. Rhg2 Rh8 34. g4 Rhg8 35.
Ne3 Na6 36. Rg3 Nc7 37. Ng2 Rh8 38. Nf4 hxg4 39. fxg4 Kg8 40. h5 gxh5 41. gxh5
Kf8 42. h6 Kg8 43. Bxf6 exf6 44. Rxg7+ Kf8 45. h7 Ke7 46. Ng6+ Kd8 47. Nxh8
Bh3+ 48. Ke1 Rxh8 49. Rg8+ Ke7 50. Rxc8 Bxc8 51. Rg8 Rxh7 52. Rxc8 Na6 53. Qf4
Nb4 54. Rc7+ Ke8 55. Qxd6 Nc2+ 56. Kd2 Nd4 57. Qe7# 1-0

[Event "Arie Nijman Memorial 2023"]
[Site "Christchurch NZL"]
[Date "2023.05.21"]
[Round "6.8"]
[White "Nelson, Edwin (Ted)"]
[Black "Christie, Richie"]
[Result "0-1"]
[WhiteElo "1641"]
[BlackElo "1945"]

1. e4 Nf6 2. e5 Nd5 3. c4 Nb6 4. d4 d6 5. exd6 cxd6 6. Nf3 Bg4 7. Nc3 g6 8. h3
Bxf3 9. Qxf3 Nc6 10. Be3 Bg7 11. Qd1 O-O 12. Be2 d5 13. c5 Nc8 14. O-O e6 15.
Qd2 N8e7 16. Bg5 Nxd4 17. Nb5 Nxb5 18. Bxb5 f6 19. Be3 a6 20. Ba4 Kh8 21. Qb4
Qc7 22. Rfc1 Nc6 23. Bxc6 bxc6 24. Qb6 Ra7 25. Bd2 Rb7 26. Qxc7 Rxc7 27. Ba5
Rcc8 28. a4 f5 29. Rab1 Rb8 30. Bb6 Rfc8 31. b4 Bf6 32. b5 axb5 33. a5 Ra8 34.
Rc2 e5 35. Ra2 Ra6 36. Re2 e4 37. f3 e3 38. g3 d4 39. Kg2 Re8 40. Rd1 Kg7 41.
f4 Kf7 42. Rd3 Ke6 43. g4 Kd5 44. g5 Bg7 45. Kf3 Bf8 46. Rc2 e2 47. Rxe2 Rxe2
48. Kxe2 Bxc5 49. Bc7 Ra7 50. Bd8 Bd6 51. Bb6 Re7+ 52. Kf3 c5 53. a6 Bb8 { } 
54. Ra3 Ba7 55. Bd8 Re8 56. Bc7 c4 57. Be5 c3 58. Ke2 Rc8 59. Kd1 b4 60. Ra1 d3
61. Kc1 Be3+ 0-1

[Event "Arie Nijman Memorial 2023"]
[Site "Christchurch NZL"]
[Date "2023.05.21"]
[Round "6.9"]
[White "Gilmore, Blake"]
[Black "Lu, Xiahan (Luna)"]
[Result "0-1"]
[WhiteElo "1809"]
[BlackElo "1645"]

1. Nf3 Nf6 2. b3 g6 3. Bb2 Bg7 4. c4 d6 5. d4 O-O 6. e3 Bg4 7. h3 Bxf3 8. Qxf3
c6 9. Bd3 Na6 10. a3 c5 11. Qxb7 Qb6 12. Qxb6 axb6 13. d5 Nd7 14. Bxg7 Kxg7 15.
Nd2 Nb4 16. Ke2 Nxd3 17. Kxd3 Rfb8 18. b4 Ne5+ 19. Kc3 cxb4+ 20. axb4 Rxa1 21.
Rxa1 Rc8 22. f4 Nxc4 23. Nxc4 b5 24. Ra7 Rxc4+ 25. Kb3 Re4 26. Rb7 Rxe3+ 27.
Kc2 Re2+ 28. Kd3 Rxg2 29. Rxb5 Rg3+ 30. Ke4 Rxh3 31. Rb7 Kf6 32. b5 Rb3 33. b6
h5 34. Rb8 h4 35. Rh8 Rxb6 36. Rxh4 e6 37. dxe6 Kxe6 38. Rh1 d5+ 39. Kf3 Kf5
40. Rd1 Rd6 41. Rd4 Ke6 42. Kg4 Rc6 43. Kg5 Rc4 44. Rd2 f6+ 45. Kxg6 Rxf4 46.
Re2+ Kd6 47. Ra2 d4 48. Ra6+ Kd5 49. Ra5+ Ke4 50. Ra8 d3 51. Re8+ Kf3 52. Rd8
Ke2 53. Re8+ Kd1 54. Rd8 d2 55. Rd6 Ke2 56. Re6+ Kd3 57. Rd6+ Rd4 0-1

[Event "Arie Nijman Memorial 2023"]
[Site "Christchurch NZL"]
[Date "2023.05.21"]
[Round "6.10"]
[White "Wang, Justin Zhide"]
[Black "Forte, Hunter"]
[Result "1-0"]
[WhiteElo "1900"]
[BlackElo "1670"]

1. e4 d6 2. d4 Nf6 3. Nc3 g6 4. Bg5 Bg7 5. Qd2 h6 6. Be3 Bd7 7. O-O-O e6 8. f3
h5 9. Nge2 b6 10. Bg5 c5 11. e5 d5 12. exf6 Bxf6 13. Bxf6 Qxf6 14. dxc5 bxc5
15. Qf4 Qd8 16. Qe5 f6 17. Qd6 Qc8 18. Nf4 Rh6 19. Ncxd5 Qc6 20. Qe7# 1-0

[Event "Arie Nijman Memorial 2023"]
[Site "Christchurch NZL"]
[Date "2023.05.21"]
[Round "6.11"]
[White "Bolster, Caolan"]
[Black "Anikonov, Artem"]
[Result "0-1"]
[WhiteElo "1662"]
[BlackElo "1668"]

1. e4 e5 2. Nf3 Nc6 3. Bb5 a6 4. Ba4 d6 5. h3 Nf6 6. Bxc6+ bxc6 7. d3 Bb7 8.
O-O h6 9. Re1 Be7 10. c3 O-O 11. d4 exd4 12. cxd4 Nd7 13. Nc3 d5 14. a4 Bb4 15.
Qb3 a5 16. Bd2 Nb6 17. Rac1 Nc4 18. exd5 Nxd2 19. Nxd2 cxd5 20. Nf3 c5 21. dxc5
d4 22. Red1 Bxf3 23. gxf3 Qg5+ 0-1

[Event "Arie Nijman Memorial 2023"]
[Site "Christchurch NZL"]
[Date "2023.05.21"]
[Round "6.12"]
[White "Moshakova, Elena"]
[Black "Ashton, Matthew"]
[Result "0-1"]
[WhiteElo "1497"]
[BlackElo "1930"]

1. e4 c5 2. Nf3 e6 3. d4 cxd4 4. Nxd4 Nc6 5. Nb5 d6 6. c4 a6 7. N5c3 Qc7 8. Be2
Nf6 9. O-O Be7 10. Be3 O-O 11. Nd2 Rb8 12. Rc1 Ne5 13. b3 Bd7 14. f4 Ng6 15.
Kh1 Rfc8 16. Qe1 Qa5 17. Ba7 Ra8 18. Bd4 e5 19. f5 exd4 20. fxg6 dxc3 21. gxh7+
Nxh7 22. Qf2 Nf6 23. Nb1 Qc5 24. Qh4 Re8 25. Nxc3 Be6 26. Qf4 Qe5 27. Qe3 d5
28. cxd5 Nxd5 29. Nxd5 Bxd5 30. Bc4 Bd6 31. Qh3 Bxc4 32. Rxc4 Qe6 33. Qh4 Rac8
34. Qf2 Rxc4 35. bxc4 Qxc4 36. Rd1 Qxe4 37. h3 Qf4 38. Qg1 Re2 39. Rc1 Qf2 0-1

[Event "Arie Nijman Memorial 2023"]
[Site "Christchurch NZL"]
[Date "2023.05.21"]
[Round "6.13"]
[White "Patel, Akash"]
[Black "Familton, Gregory"]
[Result "1-0"]
[WhiteElo "1300"]
[BlackElo "1815"]

1. d4 Nf6 2. e3 d5 3. Bd3 c5 4. c3 e6 5. f4 Be7 6. Nf3 b6 7. O-O Ba6 8. Ne5
Bxd3 9. Qxd3 O-O 10. Rf3 Bd6 11. Rh3 Ne4 12. Nd2 f5 13. Ndf3 Nd7 14. Qe2 Bxe5
15. fxe5 g5 16. Nd2 g4 17. Rh6 Qg5 18. Rxe6 cxd4 19. Nxe4 dxe4 20. exd4 Qh5 21.
Rh6 Qe8 22. Rd6 Kh8 23. Qb5 Rd8 24. Bg5 a6 25. Qc6 Nb8 26. Qxb6 Rd7 27. Re6 Qc8
28. Bf6+ Kg8 29. Be7 Rf7 30. Ba3 Rb7 31. Qd6 Rbd7 32. Qb4 Rb7 33. Rb6 Kh8 34.
Rxb7 Rxb7 35. Qd6 Rf7 36. Rf1 Qe8 37. Qh6 Qc6 38. Qg5 Qc8 39. Be7 Nd7 40. Bf6+
Nxf6 41. exf6 Qb7 42. Qxf5 Kg8 43. Qxg4+ Kf8 44. b4 Qc6 45. Qf4 Rc7 46. Qh6+
Kg8 47. Rf4 Rf7 48. Rg4+ Kh8 49. Rg7 Qxf6 50. Qxh7# 1-0

[Event "Arie Nijman Memorial 2023"]
[Site "Christchurch NZL"]
[Date "2023.05.21"]
[Round "6.14"]
[White "Sharma, Vihaan"]
[Black "Frith, Hunter"]
[Result "1-0"]
[WhiteElo "993"]
[BlackElo "1002"]

1. d4 d5 2. c4 e6 3. Nf3 Nf6 4. g3 b6 5. Bg2 Ba6 6. cxd5 Qxd5 7. Nh4 Ne4 8. f3
Nc6 9. fxe4 Qxd4 10. Qxd4 Nxd4 11. Kd2 O-O-O 12. e3 Nb3+ 13. Ke1 Nxa1 14. Kf2
g5 15. Nf3 Rg8 16. Ne1 Rd1 17. Nf3 Rxh1 18. Bxh1 g4 19. Ne1 h5 20. b3 Rh8 21.
Bb2 Rh7 22. Bxa1 h4 23. gxh4 Rxh4 24. Kg3 Be7 25. Be5 f5 26. exf5 exf5 27. Nc2
Bd3 28. Nca3 Bg5 29. Bf4 Bf6 30. Bc6 Be2 31. Nb5 Rh3+ 32. Kg2 a6 33. N5c3 Bd3
34. Bd5 Bxb1 35. Nxb1 Kd7 36. e4 c6 37. e5 Bxe5 38. Bxe5 cxd5 39. Nc3 Ke6 40.
Bd4 b5 41. Ne2 Rd3 42. Nf4+ Kd6 43. Nxd3 1-0

[Event "Arie Nijman Memorial 2023"]
[Site "Christchurch NZL"]
[Date "2023.05.21"]
[Round "6.17"]
[White "Broad, Cory"]
[Black "Mansell, Alexander"]
[Result "1-0"]
[WhiteElo "1490"]
[BlackElo "719"]

1. c4 Nc6 2. d4 Nf6 3. Nc3 g6 4. Nf3 Bg7 5. d5 Na5 6. e4 d6 7. b4 Nxc4 8. Bxc4
O-O 9. Bb2 Bd7 10. e5 dxe5 11. Nxe5 Bg4 12. Nxg4 Nxg4 13. Qxg4 h5 14. Qf3 c6
15. dxc6 bxc6 16. O-O Rb8 17. Bb3 Qc8 18. Rac1 c5 19. Na4 cxb4 20. Rxc8 Rbxc8
21. Bxg7 Kxg7 22. h4 a5 23. Re1 Rfe8 24. Qxf7+ Kh6 25. Re6 Rf8 26. Rxg6# 1-0